00554 2200193 4500001002100000005001700021008004100038035002400079090001800103110003900121245007300160260004600233300001800279650001400297850001500311980001300326985000600339999001500345YOGYA-0209000004823820090227031923.0 ind  0010-020900000048238 a310bBir AlT aBIRO PUSAT STATISTIK BAGIAN SENSUS aApakah sensus itu ?cdisusun oleh Biro Pusat Statistik bagian sensus aJakartabDepartemen Penerangan RIc[s.a.] a42 hlmc21 cm aStatistik aYOPDYOG(B) a25-10-07 a1 aa000003848